Bunkové línie v experimentálnej endokrinológii

Bibliographic Details
Main Authors: Filipčík, Peter (Author), Brtko, Július, 1948- (Author), Knopp, Ján, 1937- (Author)
Format: Article
Language:Slovak
PhysicalDescription:Tb. 1. Res. angl., lit. 41 zázn. v angl.
Subjects:

MARC

LEADER 00000nab a2200000 a 4500
001 vtls000386720
003 SK-MaSNL
005 20260303172716.0
008 230214c1990 xo 0 slo
015 |a SNBRB19rr/mm-uuuuu 
035 |a CL0386843 
035 |a urn:nbn:sk:snk-ab969 
035 |a (urnnbn)urn:nbn:sk:snk:ar-a03c5k 
035 |a (uuid)4eea88f7-a206-42b9-8248-1c49caf8b418 
040 |a SNKBUCL  |b slo  |c SNKBUCL  |e AACR2 
041 0 |a slo 
044 |a xo  |c SK 
080 |a 612.4  |2 1981 
080 |a 611-018.1  |2 1981 
080 |a 616.4  |2 1981 
100 1 |a Filipčík, Peter  |4 aut  |9 10182 
245 1 0 |a Bunkové línie v experimentálnej endokrinológii  |c Peter Filipčík, Július Brtko, Ján Knopp 
300 |b Tb. 1. Res. angl., lit. 41 zázn. v angl. 
650 0 7 |a endokrinológia  |2 snkbucl  |9 2460 
650 0 7 |a bunky  |2 snkbucl  |9 22123 
655 7 |a články z novín a časopisov  |2 snkbucl  |9 267496 
700 1 |a Brtko, Július,  |d 1948-  |4 aut  |9 39646 
700 1 |a Knopp, Ján,  |d 1937-  |4 aut  |9 39833 
773 0 |t Bratislavské lekárske listy  |g Roč. 91, č. 4 (1990), s. 278-283 
850 |a Slovenská národná knižnica v Martine  |a MTA001 
852 |a SNK  |b KIS3GCP 
954 |a odborná, vedecká literatúra pôvodná (slovenská)  |2 lita 
958 |a NB 
958 |a RK 
958 |a MI 
958 |a OND 
958 |a EUIPO 
958 |a article27 
992 |a RBX 
999 |c 2088024  |d 2089954